000 00444nam a2200181Ia 4500
008 240925s9999 xx 000 0 und d
020 _a007113445X
082 _a621.317 CYR
100 _aCyril , W. Lander
245 0 _aPower electronics
250 _a3rd
260 _aToronto:
_bMc Graw-Hill
_c,1993.
300 _aVarious pages
_bNA
_fOriginal
500 _aNA
600 _aElectronic Engineering
650 _aTechnology
942 _cBK
999 _c7451
_d7451